Фитнес - как средство оздоровления (Запись № 11515147)
[ простой вид ]
| 000 -МАРКЕР | |
|---|---|
| контрольное поле | 02387nam0a2200337 i 4500 |
| 001 - ИДЕНТИФИКАТОР ЗАПИСИ | |
| контрольное поле | RU\NLR\BIBL_A\011402358 |
| 005 - ИДЕНТИФИКАТОР ВЕРСИИ | |
| контрольное поле | 20260405163045.0 |
| 021 ## - НОМЕР ГОСУДАРСТВЕННОЙ РЕГИСТРАЦИИ | |
| Код страны | Российская Федерация |
| Номер | 2017-36659 |
| Номер Листа государственной регистраци | 2681 |
| 035 ## - ДРУГИЕ СИСТЕМНЫЕ НОМЕРА | |
| Идентификатор записи | (RuMoRGB)008889793 |
| 035 ## - ДРУГИЕ СИСТЕМНЫЕ НОМЕРА | |
| Идентификатор записи | (NLR Aleph) 011402358 |
| 100 ## - ДАННЫЕ ОБЩЕЙ ОБРАБОТКИ | |
| Данные общей обработки | 20170608d2016 u y0rusy50 ca |
| 101 0# - ЯЗЫК РЕСУРСА | |
| Язык текста, звукозаписи и т.д. | русский |
| 102 ## - СТРАНА ПУБЛИКАЦИИ ИЛИ ПРОИЗВОДСТВА | |
| Страна публикации | Российская Федерация |
| 105 ## - ПОЛЕ КОДИРОВАННЫХ ДАННЫХ: ТЕКСТОВЫЕ МАТЕРИАЛЫ, МОНОГРАФИЧЕСКИЕ | |
| Кодированные данные о монографическом текстовом документе | a|||j|||000zy |
| 200 1# - ЗАГЛАВИЕ И СВЕДЕНИЯ ОБ ОТВЕТСТВЕННОСТИ | |
| Основное заглавие | Фитнес - как средство оздоровления |
| Сведения, относящиеся к заглавию | учебно-методическое пособие по организации самостоятельных занятий студентов, курсантов, преподавателей и сотрудников |
| Первые сведения об ответственности | Е.Н. Сорокина, А.Н. Баранов, Ю.Е. Алёхин |
| Последующие сведения об ответственности | Федеральное агентство морского и речного транспорта, Федеральное государственное бюджетное образовательное учреждение высшего образования "Волжский государственный университет водного транспорта", Кафедра физического воспитания и спорта |
| 210 ## - ПУБЛИКАЦИЯ, РАСПРОСТРАНЕНИЕ И ДР. | |
| Место издания, распространения и т.д. | Нижний Новгород |
| Имя издателя, распространителя и т. д. | Изд-во ФГБОУ ВО "ВГУВТ" |
| Дата издания, распространения и т.д. | 2016 |
| 215 ## - ФИЗИЧЕСКАЯ ХАРАКТЕРИСТИКА | |
| Специфическое обозначение материала и объем | 76 с. |
| Другие сведения о физической характеристике | ил. |
| Размеры | 21 |
| 320 ## - ПРИМЕЧАНИЯ О НАЛИЧИИ В ДОКУМЕНТЕ БИБЛИОГРАФИИ / УКАЗАТЕЛЯ | |
| Текст примечания | Библиогр.: с. 75 (8 назв.) |
| 606 ## - НАИМЕНОВАНИЕ ТЕМЫ КАК ПРЕДМЕТ | |
| Наименование темы | Здоровье |
| Формальный подзаголовок | Учебно-методические пособия для высших учебных заведений |
| Тематический подзаголовок | Влияние двигательной активности |
| Системный номер авторитетной/нормативной записи | 910593 |
| Идентификатор авторитетной/нормативной записи | RU\NLR\AUTH\66332446 |
| 606 ## - НАИМЕНОВАНИЕ ТЕМЫ КАК ПРЕДМЕТ | |
| Наименование темы | Фитнес |
| Формальный подзаголовок | Учебно-методические пособия для высших учебных заведений |
| Системный номер авторитетной/нормативной записи | 2130208 |
| Идентификатор авторитетной/нормативной записи | RU\NLR\auth\661285231 |
| 686 ## - ИНДЕКСЫ ДРУГИХ КЛАССИФИКАЦИЙ | |
| Индекс | Ч516.511.466.21я7-14 |
| Код системы | |
| 686 1# - ИНДЕКСЫ ДРУГИХ КЛАССИФИКАЦИЙ | |
| Индекс | Р120.4я73 |
| 686 1# - ИНДЕКСЫ ДРУГИХ КЛАССИФИКАЦИЙ | |
| Индекс | Ч511.49я73 |
| 700 #1 - ИМЯ ЛИЦА - ПЕРВИЧНАЯ ОТВЕТСТВЕННОСТЬ | |
| Материалы, к которым относится поле | rus |
| Графика поля | Кириллица |
| Начальный элемент ввода | Сорокина |
| Часть имени, кроме начального элемента ввода | Е. Н. |
| Дополнения к именам, кроме дат | педагог, физ. воспитание |
| Расширение инициалов личного имени | Елена Николаевна |
| Идентификатор авторитетной/нормативной записи | RU\NLR\AUTH\7769270 |
| Системный номер авторитетной/нормативной записи | 52198 |
| 701 #1 - ИМЯ ЛИЦА - АЛЬТЕРНАТИВНАЯ ОТВЕТСТВЕННОСТЬ | |
| Графика поля | Кириллица |
| Материалы, к которым относится поле | rus |
| Начальный элемент ввода | Баранов |
| Часть имени, кроме начального элемента ввода | А. Н. |
| Дополнения к именам, кроме дат | педагог, физ. воспитание |
| Расширение инициалов личного имени | Андрей Николаевич |
| Системный номер авторитетной/нормативной записи | 176162 |
| Идентификатор авторитетной/нормативной записи | RU\NLR\AUTH\770176213 |
| 701 #1 - ИМЯ ЛИЦА - АЛЬТЕРНАТИВНАЯ ОТВЕТСТВЕННОСТЬ | |
| Начальный элемент ввода | Алехин |
| Часть имени, кроме начального элемента ввода | Ю. Е. |
| Расширение инициалов личного имени | Юрий Евгеньевич |
| 942 ## - ДОПОЛНИТЕЛЬНЫЕ ЭЛЕМЕНТЫ ЗАПИСИ (АБИС) | |
| Тип экземпляра АБИС | Книга |
| 980 ## - КОЛЛЕКЦИЯ | |
| Название коллекции | НБР |
Нет доступных экземпляров.